| 000 | 00768cam a2200205 4500 | ||
|---|---|---|---|
| 001 | WB3631-36 | ||
| 008 | 000000n2000 000 0 eng u | ||
| 035 | _a(Sirsi) u107593 | ||
| 245 | _aRetail hub | ||
| 260 | _c2000 | ||
| 490 |
_aRevolution _v2 August 2000, 10(1) |
||
| 520 | _aDTI and Telewest are planning to launch an e-commerce information resource for retailers. The aim is to turn it into an active e-commerce hub. The venture, called Marketspace, is due to go live in September 2000. http://www.marketspace.org.uk | ||
| 590 | _aWB | ||
| 650 | _aE-COMMERCE | ||
| 650 | _aRETAILERS | ||
| 650 | _aPROPERTY-COMMERCIAL PROPERTY-RETAIL PROPERTY-RETAIL PROPERTY MARKET | ||
| 650 | _aMARKETSPACE | ||
| 690 | _aINFORMATION TECHNOLOGY-INTERNET | ||
| 942 | _n0 | ||
| 999 |
_c64293 _d64293 |
||